[Event "Ricany op-A"]
[Site "Ricany"]
[Date "2019.08.28"]
[Round "6"]
[White "Strnad, Michael"]
[Black "Stojkovic, Andreja"]
[Result "0-1"]
[WhiteElo "1726"]
[BlackElo "1968"]
[PlyCount "54"]
[EventDate "2019.08.24"]
[EventType "swiss"]
[EventRounds "9"]
[EventCountry "CZE"]
[SourceTitle "EXT 2020"]
[Source "ChessBase"]
[SourceDate "2019.10.17"]
[SourceVersion "1"]
[SourceVersionDate "2019.10.17"]
[SourceQuality "1"]

1. d4 c5 2. c3 b6 3. Nf3 Nf6 4. Bf4 Nh5 5. Bg3 Bb7 6. e3 e6 7. Bd3 cxd4 8. exd4 g6 9. Be5 f6 10. Bg3 Nc6 11. Qe2 Ne7 12. c4 Kf7 13. Nc3 d5 14. 0-0 Bh6 15. Rae1 Qd7 16. Nb5 Nf4 17. Bxf4 Bxf4 18. g3 Bb8 19. c5 a6 20. Nc3 bxc5 21. dxc5 e5 22. Bc2 Rc8 23. b4 Kg7 24. Rc1 d4 25. Be4 Bc6 26. Rfd1 h6 27. Bd3 g5 0-1